000 00734nam a2200181 i 4500
001 bg
245 0 0 _aPrawo pracy, ubezpieczenia społeczne :
_bzbiór ujednoliconych przepisów : kodeks pracy, bhp, urlopy i zasiłki, świadczenia socjalne, wypadki i choroby, ochrona pracy, ubezpieczenia społeczne : [dokument elektroniczny].
250 _aStan prawny kwiecień 2002 r.
260 _aWarszawa :
_b"AD. Drągowski",
_c2001.
300 _a1 dysk optyczny [CD ROM].
650 9 _aPrawo pracy
_zPolska
_ystan na 2002 r.
650 9 _aUbezpieczenia społeczne
_xprawo
_zPolska
_ystan na 2002 r.
040 _cBPK
041 0 _apol
080 _a349.2:349.3:369](438)(094.4)
942 _cCD
008 s pl f |000 0 pol
999 _c24022
_d24022
856 _uhttp://koha.tu.koszalin.pl/cgi-bin/koha/opac-detail.pl?biblionumber=24022
_yKatalog online BPK